000 00588nam a22002057a 4500
005 20140214123335.0
010 _aENG-108544
020 _a9788120348233
_c350.00
035 _aEN-92077
037 _bDBAD/PUB
082 _a530.2462
100 _aMarikani, A.
245 _aEngineering physics /
_cby A. Marikani
250 _a2nd ed
260 _aDelhi
_bPHI Learning
_c2013
270 _aRimjhim House,111, Patparganj Industrial Estate
_bDelhi
_e110092
300 _axv, 490p . :
_bill.
_c24cm(pbk)
500 _aIncludes index
942 _2ddc
_cEN
_mMAR
_h530.2462
999 _c79398
_d79398